• 首页
  • 本馆介绍
  • 公告通知
  • 最新文献
  • 馆藏检索
  • 电子资源
  • 读者导购
  • 参考咨询
  • 我的图书馆
  • 登录
  • 详细信息显示
  • 放入我的书架
  • 预约/预借图书
  • 作者相关作品
  • 分类相关作品
  • 丛书相关作品
  • 出版社相关作品

书目信息

  • 表格格式
  • 工作单格式
  • 卡片格式
题名:
中国话剧的发展与形体表现训练
    
 
作者: 苏静 著
分册:  
出版信息: 北京   新华出版社  2021.3
页数: 210页
开本: 24cm
丛书名:
单 册:
中图分类: J824.2
科图分类:
主题词: 话剧表演--表演艺术--研究--中国
电子资源:
ISBN: 978-7-5166-5239-8
000 00820nam0 2200229 45
001 012001001174
005 20130910162833.0
010    @a978-7-5166-5239-8@dCNY68.00
100    @a20210331d2020 em y0chiy0110 ea
101 0  @achi
102    @aCN@b110000
105    @aa z 000yy
106    @ar
200 1  @a中国话剧的发展与形体表现训练@Azhong guo hua ju de fa zhan yu xing ti biao xian xun lian@f苏静著
210    @a北京@c新华出版社@d2021.3
215    @a210页@c图@d24cm
330    @a本书第一章为中国现代话剧发展史概述,第二章为20世纪中国经典话剧赏析,第三章为话剧表演形体基础理论,第四章为话剧表演形体训练设计,第五章为话剧表演形体创作实践。
606 0  @a话剧表演@x表演艺术@x研究@y中国
690    @aJ824.2@v5
701  0 @a苏静@Asu jing@4著
801    @aCN@b江苏凤凰@c20211018
905    @b1342475-8@dJ824.2@e224@f4
    
    中国话剧的发展与形体表现训练/苏静著.-北京:新华出版社,2021.3
    210页:图;24cm
    
    
    ISBN 978-7-5166-5239-8:CNY68.00
    本书第一章为中国现代话剧发展史概述,第二章为20世纪中国经典话剧赏析,第三章为话剧表演形体基础理论,第四章为话剧表演形体训练设计,第五章为话剧表演形体创作实践。
●
相关链接 在E读中查询图书 在五车中查询图书 在当当中查询图书 在豆瓣中查询图书


正题名:中国话剧的发展与形体表现训练     索取号:J824.2/224         预约/预借

序号 登录号 条形码 馆藏地/架位号 状态 备注
1 1342475   213424757   第一样本阅览室/ [索取号:J824.2/224] 在馆    
2 1342476   213424766   第一借阅区/ [索取号:J824.2/224] 在馆    
3 1342477   213424775   第一借阅区/ [索取号:J824.2/224] 在馆    
4 1342478   213424784   第一借阅区/ [索取号:J824.2/224] 在馆    
唐山师范学院图书馆 欢迎您!
大连网信软件有限公司© 版权所有